(Football) Les 10 plus gros transferts été 2022 - Statistiques

Statistiques générales
  • Ce quiz a été pris 791 fois
  • Le résultat moyen est 8 sur 10
Statistiques - réponses
Départs Joueurs Arrivés Montant % Correct
AS Monaco Aurélien Tchouaméni Real Madrid 80 M€
94%
Ajax Amsterdam Antony Manchester United 95 M€
91%
Real Madrid Casemiro Manchester United 70 M€
89%
Benfica Lisbonne Darwin Núñez Liverpool FC 75 M€
88%
Borussia Dortmund Erling Haaland Manchester City 60 M€
88%
Juventus Turin Matthijs de Ligt Bayern Munich FC 67 M€
78%
Real Sociedad Alexander Isak Newcastle United 70 M€
75%
Leicester City Wesley Fofana Chelsea FC 80 M€
75%
Everton FC Richarlison Tottenham Hotspur 58 M€
69%
Brighton & Hove Albion Marc Cucurella Chelsea FC 65 M€
59%
Aucun quiz correspondant
Distribution des résultats
% des personnes avec chaque résultat
Percentile par nombre de réponses
Votre historique - résultats
Vous n’avez pas pris ce quiz